000 00810nam a2200253Ia 4500
003 OSt
005 20220923215738.0
006 a|||||r|||| 00| 0
007 ta
008 220922b |||||||| |||| 00| 0 hin d
024 _a181,435
037 _cTextual
040 _aARTS
_cARTS
_bhin
041 _2hin
_ahin
082 _aO152,1:g(Q:1), M5
100 _aशंभुनाथ
_9156280
245 0 _aमिथक और आधुनकि कविता
246 _aMithak aur ādhunaki kavitā
260 _aनयी दिल्ली
_b नेशनल पब्लि0 हा0
_c1985
300 _a410 पृ.
_ccm.
650 _aहिन्दी साहित्य
_9156264
942 _hO152,1:g(Q:1), M5
_cTEXL
_2CC
999 _c334812
_d334812